| 000 | 00709nam a22002177a 4500 | ||
|---|---|---|---|
| 005 | 20170124110133.0 | ||
| 010 | _aA-996764 | ||
| 020 |
_c75.00 _a8171821006 |
||
| 035 | _aA-996764 | ||
| 037 | _bCen Lib/Ret | ||
| 040 |
_aDPL _bEN |
||
| 082 |
_a616.8 _bSHI |
||
| 100 |
_aShiv Kumar _932471 |
||
| 245 |
_aCauses, cure and prevention of nervous disease / _cby Shiv Kumar |
||
| 260 |
_bDiamond Pocket Books _aNew Delhi _c1999 |
||
| 270 |
_bNew Delhi _aM-9X-30, Okhla Industrial Area, Phase-II _e110020 |
||
| 300 |
_a184p. _c21cm(Hb) |
||
| 650 |
_a Nervous system -- Diseases _932472 |
||
| 650 |
_aNervous system -- Diseases -- Homeopathic treatment _932473 |
||
| 942 |
_2ddc _cEN _h616.8 _mSHI |
||
| 999 |
_c131685 _d131685 |
||